00522nmm a2200169Ia 4500008004100000020001800041041000800059100002500067245005100092264005300143300001800196490002900214650003300243856005200276942000700328999001700335251105s9999||||xx |||||||||||||||||und|| a9788499678801 aspa aMora Cuadrado, Jaime 0aLa ciencia de los dinosaurios en 100 preguntas a[Madrid, España] :bEdiciones Nowtilus, c2017 a352 páginas a100 Preguntas Esenciales aBiology and natural sciences uhttps://public.digitaliapublishing.com/a/171822 cCF c93193d93193